De los nombres de Cristo

Tallennettuna:
Bibliografiset tiedot
Päätekijä: León, Fray Luis de
Aineistotyyppi: Kirja
Kieli:Undetermined
Julkaistu: Madrid, España Espasa-Calpe 1943
Painos:3 edición
Aiheet:
Tagit: Lisää tagi
Ei tageja, Lisää ensimmäinen tagi!

MARC

LEADER 00000nam a2200000Ia 4500
008 170316s9999 xx 000 0 und d
040 |a cru BVZT 
090 |a 862 L-11d v.2 
100 |a León, Fray Luis de 
245 |a De los nombres de Cristo 
250 |a 3 edición 
260 |a Madrid, España 
260 |b Espasa-Calpe 
260 |c 1943 
300 |a 282 páginas Tomo II 
650 |a LITERATURA ESPAÑOLA 
999 |c 10053  |d 10053 
942 |c 15 D  |h 862 L-11d v.2  |2 z